| 000 | 01064cam a22003013a 4500 | ||
|---|---|---|---|
| 001 | 3570 | ||
| 003 | PGUSA | ||
| 005 | 20140828083034.0 | ||
| 008 | 021201s2002||||xxu|||||s|||||000 | eng d | ||
| 040 |
_aPGUSA _beng |
||
| 042 | _adc | ||
| 050 | 4 | _aDC | |
| 100 | 1 |
_aWairy, Louis Constant, _d1778-1845 |
|
| 245 | 1 | 0 |
_aRecollections of the Private Life of Napoleon — Volume 03 _h[electronic resource] / _cLouis Constant Wairy |
| 260 |
_bProject Gutenberg, _c2002 |
||
| 500 | _aUniform title: Mémoires de Constant. English | ||
| 506 | _aPublic domain in the USA. | ||
| 516 | _aElectronic text | ||
| 653 | _aWairy, Louis Constant, 1778-1845 | ||
| 653 | _aValets -- France -- Biography | ||
| 653 | _aNapoleon I, Emperor of the French, 1769-1821 -- Contemporaries | ||
| 653 | _aNapoleon I, Emperor of the French, 1769-1821 -- Relations with valets | ||
| 653 | _aNapoleon I, Emperor of the French, 1769-1821 | ||
| 700 | 1 |
_aClark, Walter, _d1846-1924 |
|
| 830 | 0 |
_aProject Gutenberg _v3570 |
|
| 856 | 4 | 0 | _uhttp://www.gutenberg.org/ebooks/3570 |
| 942 | _cEB | ||
| 999 |
_c232899 _d232899 |
||